Managerial Economics : (Record no. 370765)

MARC details
000 -LEADER
fixed length control field 00596nam a22002177a 4500
005 - DATE AND TIME OF LATEST TRANSACTION
control field 20260324155829.0
008 - FIXED-LENGTH DATA ELEMENTS--GENERAL INFORMATION
fixed length control field 260324b |||||||| |||| 00| 0 eng d
020 ## - INTERNATIONAL STANDARD BOOK NUMBER
International Standard Book Number 9789361591068
041 ## - LANGUAGE CODE
Language code of text/sound track or separate title eng
082 ## - DEWEY DECIMAL CLASSIFICATION NUMBER
Classification number 338.502
Item number KEA B23000
100 ## - MAIN ENTRY--PERSONAL NAME
Author Keat P G
245 ## - TITLE STATEMENT
Title Managerial Economics :
Remainder of title Economic Tools for Today's Decision Makers
Statement of responsibility, etc. 7th Ed.
250 ## - EDITION STATEMENT
Edition statement 7th Ed.
260 ## - PUBLICATION, DISTRIBUTION, ETC.
Place of publication, distribution, etc. Noida
Name of publisher, distributor, etc. Pearson India
Date of publication, distribution, etc. 2025
300 ## - PHYSICAL DESCRIPTION
Extent 606p
500 ## - GENERAL NOTE
Keywords Managerial economics
700 ## - ADDED ENTRY--PERSONAL NAME
Personal name Young P K
700 ## - ADDED ENTRY--PERSONAL NAME
Personal name Erfle S
700 ## - ADDED ENTRY--PERSONAL NAME
Personal name Banerjee S
942 ## - ADDED ENTRY ELEMENTS (KOHA)
Koha item type Books
Holdings
Withdrawn status Lost status Source of classification or shelving scheme Damaged status Not for loan Home library Current library Date acquired Vendor Net Price Bill number Total Checkouts Full call number Barcode Date last seen Actual Price Bill Date Koha item type Original Barcode
    Dewey Decimal Classification     Smt. Hiraben Nanavati Institute of Management & Research for Women Smt. Hiraben Nanavati Institute of Management & Research for Women 11/02/2026 The Forward Books 880.00 25312   338.502 KEA B23000 HIMR-BK-23000 24/03/2026 642.40 29/01/2026 Books B23000
    Dewey Decimal Classification     Smt. Hiraben Nanavati Institute of Management & Research for Women Smt. Hiraben Nanavati Institute of Management & Research for Women 11/02/2026 The Forward Books 880.00 25312   338.502 KEA B23001 HIMR-BK-23001 24/03/2026 642.40 29/01/2026 Books B23001
    Dewey Decimal Classification     Smt. Hiraben Nanavati Institute of Management & Research for Women Smt. Hiraben Nanavati Institute of Management & Research for Women 11/02/2026 The Forward Books 880.00 25312   338.502 KEA B23002 HIMR-BK-23002 24/03/2026 642.40 29/01/2026 Books B23002